000 00807nmm a2200289 a 4500
003 AR-BaBNM
005 20251128204026.0
008 020020s1984 ||||||||||||||000 | spa||
040 _cAR-BaBNM
100 1 _aCunietti-Ferrando, Arnaldo José
_d1936-
245 1 0 _aHistoria del papel moneda argentino
260 _aBuenos Aires
_bBanco Roberts
_c1984
300 0 _a48 p.
_bil., láms.
504 _aContiene bibliografía para consultar
650 4 _aHISTORIA ARGENTINA
650 4 _aCONDICIONES ECONOMICAS
650 4 _aSISTEMAS MONETARIOS
650 4 _aRELACIONES INTERNACIONALES
650 4 _aPOLITICA ECONOMICA
650 4 _aDINERO
650 4 _aMONETARISMO
650 4 _aSIGLO DIECINUEVE
650 4 _aSIGLO VEINTE
650 4 _aHISTORIA ECONOMICA
942 _cBK
998 _cMariana
999 _c5848
_d5848